00697nam a2200205 a 450000100100000000500170001000800410002702000150006808200140008310000370009724500920013426000390022630000210026549000370028650000430032350000410036670000330040783000380044004000130047800003668620200930075855.0120125s1987 sp 001 0 spa d a842491256X axxxbJ54c1 aJenofonte,d434?-355 a. de J. C.10aCiropedia /cJenofonte ; introducción, traducción y notas de Ana Vegas Sansalvador. aMadrid :bEditorial Gredos,c1987. a510 p. ;c19 cm.1 aBiblioteca clásica Gredosv108 aIncluye notas al pie de las páginas. aincluye índice de nombres propios.1 aVegas Sansalvador, Ana,etr. 0aBiblioteca clásica Gredos;v108 aDO-SdBNP